00797 2200289 4500001002100000005001500021035002500036007000300061008004100064020002100105040001700126082001600143084001800159100002200177245008000199260003700279300002500316504003400341650001000375700001700385850001200402090002200414090002100436041000800457999002100465990002100486INLIS00000000002648920190806115802 a0010-031700000000599ta170329s2017 yoi gr ind d a978-6027820-63-0 aYOPDYOGbind04223a297.577 a297.577 Mas A0 aMas Udik Abdullah10aAgar muslimah mantap menikah /cMas Udik Abdullah; penyunting, Irin Hidayat aYogyakarta :bPro-U Media,c2017 a205 halaman ;c20 cm aBibliografi : halaman 201-203 4aNikah0 aIrin Hidayat aYOPDYOG aDEP 297.577 Mas A aCB-D.11 2017-1190 aind aCB-D.11/2017-119 aCB-D.11/2017-119